| 000 | 00519nam a22001817a 4500 | ||
|---|---|---|---|
| 005 | 20240110122942.0 | ||
| 008 | 210218b ||||| |||| 00| 0 eng d | ||
| 020 | _a978-1-05-958473-2 | ||
| 041 | _aeng | ||
| 082 | _a615.7 | ||
| 100 |
_aBRUNTON, LAURENCE L. , HILAL-DANDAN, RANDA AND KNOLLMANN , BJORNB C. _98381 |
||
| 245 | _aTHE PHARMACOLOGICAL BASIC OF THERAPEUTICS | ||
| 250 | _a13TH ED. , 2018 | ||
| 260 |
_aNEW YORK _bMcGRAW HILL EDUCATION |
||
| 300 | _a1419,p | ||
| 650 |
_aPHARMACY _xB.PHARMA |
||
| 942 | _cBK | ||
| 999 |
_c7451 _d7449 |
||